Movies by Cash Needed Quiz Stats

 Plays Quiz Updated Jun 18, 2017

Support Sporcle.
Go Orange.
Score 0/20 Timer 07:00
0 Plays Today
Cash Movie % Correct
$80,000 in 2009The Hangover
89.9%
$5,000 in 1980The Blues Brothers
85.8%
$198,000,000 in 2004Ocean's Twelve
78.1%
$50,000 in 2004Dodgeball: A True Underdog Story
73.8%
$1,000,000 in 1994Dumb and Dumber
70.2%
$4,000,000 in 1969The Italian Job
67%
$8,000 in 1945It's a Wonderful Life
66.6%
$1,000,000 in 1987Fargo
58.2%
$40,000 in 1960Psycho
48%
$15,000 in 1998Rounders
47.9%
Cash Movie % Correct
$3,500,000 in 2010The Town
43.7%
DM 100,000 in 1998Run Lola Run
39.8%
$2,000,000 in 1980No Country for Old Men
39.5%
$1,000,000 in 1974 The Taking of Pelham One Two Three
38.5%
$12,000,000 in 1995Heat
35.1%
$200,000 in 1862The Good, the Bad and the Ugly
34.5%
$550,000 in 1997Jackie Brown
31.4%
$100,000 in 1944Double Indemnity
30.9%
$4,400,000 in 1998A Simple Plan
22.7%
$290,000 in 2014The Gambler
13%

You're not logged in!

Compare scores with friends on all Sporcle quizzes.
OR
Log In
Forgot?

From the Vault

Which of the Two...? (And It's Not Even Close)

by DarkPhalanx

If these comparisons aren't close, then why is this so tough?
Remove Ads.
Support Sporcle.
Get the best of Sporcle when you Go Orange. This ad-free experience offers more features, more stats, and more fun while also helping to support Sporcle. Thank you for becoming a member.

Show Comments

Extras

Top Quizzes Today


Score Distribution

Your Account Isn't Verified!

In order to create a playlist on Sporcle, you need to verify the email address you used during registration. Go to your Sporcle Settings to finish the process.

Report this User

Report this user for behavior that violates our Community Guidelines.

Details: